000 00583nam a22002177a 4500
999 _c50129
_d50129
005 20251125233015.0
008 s2005 eng d
020 _a981234862x
040 _aNALT
041 _aeng
050 _aDS 566.2
_bI57 2005
090 _a
245 1 0 _aInsight guides :
_bThailand
260 _aSingapore :
_bAPA Publications,
_c2005.
300 _a404 p. :
_bill., maps ;
_c22 cm.
650 0 4 _aThailand -- Description and travel
850 _aNALT
856 4 0 _uhttps://hdl.handle.net/20.500.14156/401819
_71
942 _cGB
_2lcc